[Event "Agzamov Memorial 06th"]
[Site "Tashkent"]
[Date "2012.03.11"]
[Round "6"]
[White "Akhmetov, Ayan"]
[Black "Saidov, Beqali"]
[Result "1/2-1/2"]
[WhiteElo "2211"]
[BlackElo "2389"]
[PlyCount "204"]
[EventDate "2012.03.06"]
[EventType "swiss"]
[EventRounds "9"]
[EventCountry "UZB"]
[SourceTitle "CBM 147 Extra"]
[Source "ChessBase"]
[SourceDate "2012.04.24"]
[SourceVersion "1"]
[SourceVersionDate "2012.04.24"]
[SourceQuality "1"]

1. e4 e5 2. Nf3 Nc6 3. Bb5 Bc5 4. 0-0 Qf6 5. Nc3 Nge7 6. d3 h6 7. Be3 Bb6 8. Re1 0-0 9. Bc4 d6 10. h3 Be6 11. Nd5 Bxd5 12. Bxd5 Nxd5 13. exd5 Ne7 14. c4 Nf5 15. Bxb6 axb6 16. Re4 Rfe8 17. Qe2 Qd8 18. a3 c6 19. dxc6 bxc6 20. Qc2 f6 21. Re2 d5 22. b4 Qd7 23. a4 Ne7 24. Qb3 Ng6 25. Rea2 Nf4 26. b5 Ra5 27. bxc6 Qxc6 28. cxd5 Rxd5 29. Rc2 Qa8 30. a5 Kh8 31. Qxb6 Rxd3 32. Nh4 Rd4 33. Qc6 Nxh3+ 34. gxh3 Rxh4 35. a6 Qxc6 36. Rxc6 Rb4 37. a7 Ra8 38. Rc7 Kh7 39. Kh2 Kg6 40. Kg2 h5 41. Kf3 Kf5 42. Rxg7 Rb3+ 43. Kg2 Kf4 44. Ra4+ e4 45. Ra6 f5 46. Ra5 e3 47. Ra4+ Ke5 48. Re7+ Kf6 49. Rxe3 Rb7 50. Rea3 h4 51. Kf3 Kg5 52. Ke3 Rd7 53. f4+ Kg6 54. Ra6+ Kg7 55. R3a5 Kh7 56. Rxf5 Raxa7 57. Rxa7 Rxa7 58. Kf3 Kg6 59. Kg4 Ra1 60. Rb5 Rf1 61. Rb6+ Kf7 62. Kf5 Rf3 63. Rb7+ Kg8 64. Kg4 Rf1 65. Rb3 Kf7 66. Rf3 Ra1 67. Rb3 Rg1+ 68. Kxh4 Kf6 69. Rg3 Ra1 70. Kg4 Rb1 71. h4 Ra1 72. h5 Rh1 73. Rh3 Rg1+ 74. Kf3 Rf1+ 75. Ke3 Kg7 76. h6+ Kh7 77. Ke4 Ra1 78. f5 Ra4+ 79. Ke5 Ra5+ 80. Kf6 Ra6+ 81. Kg5 Ra1 82. Rh4 Ra8 83. Rb4 Rg8+ 84. Kh5 Rg1 85. f6 Rh1+ 86. Kg4 Rg1+ 87. Kf5 Ra1 88. Rb7+ Kxh6 89. Ke6 Re1+ 90. Kf7 Ra1 91. Re7 Ra8 92. Re8 Ra7+ 93. Re7 Ra8 94. Rd7 Kh7 95. Re7 Rb8 96. Rd7 Ra8 97. Rd6 Rb8 98. Rd1 Rb7+ 99. Ke6 Rb6+ 100. Rd6 Rb8 101. Rd2 Kg8 102. Kf5 Rb1 1/2-1/2

[Event "Agzamov Memorial 06th"]
[Site "Tashkent"]
[Date "2012.03.10"]
[Round "5"]
[White "Saidov, Beqali"]
[Black "Vladimirov, Vladimir1"]
[Result "1-0"]
[WhiteElo "2389"]
[BlackElo "2170"]
[PlyCount "97"]
[EventDate "2012.03.06"]
[EventType "swiss"]
[EventRounds "9"]
[EventCountry "UZB"]
[SourceTitle "CBM 147 Extra"]
[Source "ChessBase"]
[SourceDate "2012.04.24"]
[SourceVersion "1"]
[SourceVersionDate "2012.04.24"]
[SourceQuality "1"]

1. d4 d5 2. Nf3 f5 3. Bg5 h6 4. Bh4 g5 5. Bg3 Nf6 6. e3 Bg7 7. c4 c6 8. Nc3 e6 9. Bd3 0-0 10. Qc2 Ne4 11. Be5 Nd7 12. Bxg7 Kxg7 13. Nd2 Nxd2 14. Qxd2 Nf6 15. f3 Qe7 16. 0-0-0 dxc4 17. Bxc4 b5 18. Bd3 a5 19. h4 e5 20. hxg5 hxg5 21. g4 e4 22. Bc2 b4 23. Na4 Be6 24. Qh2 Rh8 25. Qe5 Kf7 26. gxf5 Bd5 27. fxe4 Rxh1 28. Rxh1 Qxe5 29. dxe5 Nxe4 30. Nb6 Re8 31. Nd7 Nf6 32. e6+ Ke7 33. e4 Bxe4 34. Nxf6 Bxh1 35. Nxe8 g4 36. Kd2 g3 37. Ke3 Bd5 38. Ng7 g2 39. Kf2 c5 40. b3 c4 41. Nh5 a4 42. Nf4 Bc6 43. bxa4 Kf6 44. Nxg2 b3 45. axb3 cxb3 46. Bxb3 Kxf5 47. a5 Ke5 48. a6 Kd6 49. a7 1-0

[Event "Central Asia Cup 1st"]
[Site "Tashkent"]
[Date "2011.10.25"]
[Round "8"]
[White "Saidov, Beqali"]
[Black "Kholmirzaev, Bakhodir"]
[Result "1-0"]
[WhiteElo "2350"]
[BlackElo "2360"]
[PlyCount "127"]
[EventDate "2011.10.18"]
[EventType "swiss"]
[EventRounds "9"]
[EventCountry "UZB"]
[SourceTitle "CBM 144 Extra"]
[Source "ChessBase"]
[SourceDate "2011.10.28"]
[SourceVersion "1"]
[SourceVersionDate "2011.10.28"]
[SourceQuality "1"]

1. e4 c6 2. d4 d5 3. Nd2 dxe4 4. Nxe4 Nf6 5. Ng3 e6 6. Nf3 Bd6 7. Bd3 Nbd7 8. Qe2 Qe7 9. 0-0 b6 10. Re1 Bxg3 11. hxg3 Bb7 12. a4 0-0 13. g4 Rfd8 14. Bg5 c5 15. Bh4 h6 16. g5 hxg5 17. Bxg5 Bxf3 18. Qxf3 cxd4 19. Qf4 Rac8 20. a5 Nc5 21. Ra3 Rd5 22. Bh7+ Kf8 23. Rg3 Rxg5 24. Qxg5 Ne8 25. Qh5 Nf6 26. Qh4 bxa5 27. Qxd4 Rd8 28. Qh4 Rd5 29. Bd3 Rh5 30. Qf4 g6 31. Be2 Rh8 32. Qf3 Kg7 33. Rh3 Rxh3 34. Qxh3 a4 35. Rd1 Nd5 36. Bc4 Nb6 37. Qc3+ Qf6 38. Qxf6+ Kxf6 39. Ba2 g5 40. f3 Ke5 41. Kf2 f5 42. g3 g4 43. Re1+ Kf6 44. fxg4 fxg4 45. Ke3 Ke5 46. Rh1 Nbd7 47. Rh5+ Kd6 48. Kd4 a6 49. Bc4 e5+ 50. Ke3 Nf6 51. Rh6 Ke7 52. Rg6 a5 53. Rg7+ Kd6 54. Bd3 a3 55. bxa3 Nd5+ 56. Kf2 e4 57. Be2 e3+ 58. Ke1 Nc3 59. Rxg4 a4 60. Rb4 N3e4 61. g4 Ke5 62. Bf3 Ng5 63. Ke2 Nxf3 64. Kxf3 1-0

[Event "Central Asia Cup 1st"]
[Site "Tashkent"]
[Date "2011.10.24"]
[Round "7"]
[White "Kvon, Andrey"]
[Black "Saidov, Beqali"]
[Result "1/2-1/2"]
[WhiteElo "2486"]
[BlackElo "2350"]
[PlyCount "71"]
[EventDate "2011.10.18"]
[EventType "swiss"]
[EventRounds "9"]
[EventCountry "UZB"]
[SourceTitle "CBM 144 Extra"]
[Source "ChessBase"]
[SourceDate "2011.10.28"]
[SourceVersion "1"]
[SourceVersionDate "2011.10.28"]
[SourceQuality "1"]

1. c4 c6 2. Nf3 d5 3. e3 Nf6 4. Nc3 a6 5. b3 Bg4 6. Be2 Nbd7 7. h3 Bxf3 8. Bxf3 e6 9. 0-0 Bd6 10. d4 0-0 11. Bb2 Qe7 12. a3 Rfd8 13. Re1 Nf8 14. e4 dxe4 15. Nxe4 Nxe4 16. Bxe4 Qg5 17. Qg4 Qxg4 18. hxg4 Be7 19. Rad1 Bf6 20. g5 Bxg5 21. d5 cxd5 22. cxd5 a5 23. dxe6 fxe6 24. a4 Bd2 25. Re2 Bf4 26. Rxd8 Rxd8 27. g3 Bd6 28. Rd2 Rd7 29. Bc3 b6 30. Bc6 Rd8 31. Be5 Bc7 32. Rxd8 Bxd8 33. Be8 Bf6 34. Bd6 Bd4 35. Kf1 e5 36. Bxf8 1/2-1/2

[Event "UZB-ch"]
[Site "Tashkent"]
[Date "2011.05.27"]
[Round "7"]
[White "Saidov, Beqali"]
[Black "Dzhumaev, Marat"]
[Result "0-1"]
[WhiteElo "2365"]
[BlackElo "2489"]
[PlyCount "136"]
[EventDate "2011.05.21"]
[EventType "tourn"]
[EventRounds "11"]
[EventCountry "UZB"]
[EventCategory "5"]
[SourceTitle "CBM 142 Extra"]
[Source "ChessBase"]
[SourceDate "2011.06.27"]
[SourceVersion "1"]
[SourceVersionDate "2011.06.27"]
[SourceQuality "1"]

1. e4 c5 2. Nf3 d6 3. d4 cxd4 4. Nxd4 Nf6 5. f3 e5 6. Nb3 Nc6 7. c4 a5 8. Be3 a4 9. Nc1 Be7 10. Nc3 0-0 11. Nxa4 Nd7 12. Nc3 Bh4+ 13. g3 Bg5 14. Bxg5 Qxg5 15. Qd2 Qg6 16. Nb5 Nc5 17. Bg2 f5 18. Qxd6 fxe4 19. Qxg6 hxg6 20. 0-0 e3 21. Nc7 Rb8 22. Nd5 b5 23. Nxe3 bxc4 24. Nxc4 Ba6 25. b3 Nd4 26. Rf2 Bxc4 27. bxc4 e4 28. Nb3 Ncxb3 29. axb3 exf3 30. Bh3 Rxb3 31. Rd1 Ne2+ 32. Kh1 Re3 33. Bf1 Nc3 34. Rd3 Rxd3 35. Bxd3 Nd1 36. Rd2 Ne3 37. Kg1 Ng4 38. Rf2 Nxf2 39. Kxf2 g5 40. h3 Rf6 41. Be4 Kf7 42. Bxf3 Ke6 43. c5 Ke5 44. c6 Rf7 45. Ke3 Ra7 46. Kd2 Ra2+ 47. Kd1 Kd6 48. Ke1 Rh2 49. Kf1 Rxh3 50. Kf2 Rh2+ 51. Kf1 Rh3 52. Kf2 Rh2+ 53. Ke3 Ra2 54. Ke4 Ra3 55. Bh1 Rxg3 56. Kf5 g4 57. Kf4 Rg1 58. Be4 g3 59. Bf3 Ke7 60. Kg4 Ke6 61. Kf4 Kd6 62. Be4 g5+ 63. Kg4 Ke5 64. Bf3 Kd4 65. Kxg5 Ke3 66. Kg4 Kf2 67. Kf4 Rc1 68. Be4 g2 0-1

[Event "UZB-ch 1st League"]
[Site "Tashkent"]
[Date "2011.04.15"]
[Round "4"]
[White "Karimov, Ibragim"]
[Black "Saidov, Beqali"]
[Result "1/2-1/2"]
[WhiteElo "2345"]
[BlackElo "2362"]
[PlyCount "88"]
[EventDate "2011.04.12"]
[EventType "tourn"]
[EventRounds "11"]
[EventCountry "UZB"]
[SourceTitle "CBM 142 Extra"]
[Source "ChessBase"]
[SourceDate "2011.06.27"]
[SourceVersion "1"]
[SourceVersionDate "2011.06.27"]
[SourceQuality "1"]

1. Nf3 Nf6 2. c4 e6 3. g3 d5 4. Bg2 Be7 5. 0-0 0-0 6. d4 b6 7. Nc3 Bb7 8. Ne5 Nbd7 9. Qa4 c6 10. Bf4 Nxe5 11. Bxe5 Nd7 12. Bf4 f5 13. b4 b5 14. cxb5 Nb6 15. Qb3 cxb5 16. Nxb5 Qd7 17. Na3 Rac8 18. Rfc1 Ba6 19. Rxc8 Rxc8 20. b5 Bxa3 21. bxa6 Qa4 22. Qxa4 Nxa4 23. Rb1 Nc3 24. Rb8 Rf8 25. Bf1 Rxb8 26. Bxb8 Nb5 27. e4 Bd6 28. Bxb5 Bxb8 29. exd5 exd5 30. Bc6 Bc7 31. Bxd5+ Kf8 32. Be6 f4 33. Kg2 Ke7 34. Bg8 h6 35. Kf3 fxg3 36. hxg3 Kd6 37. Ke4 Bd8 38. f3 Bc7 39. g4 Bb6 40. d5 Ba5 41. Kf5 Bc3 42. Be6 Ke7 43. Kg6 Bd4 44. Bf5 Bc3 1/2-1/2

[Event "UZB-ch 1st League+"]
[Site "Tashkent"]
[Date "2011.04.12"]
[Round "1"]
[White "Muminova, Nafisa"]
[Black "Saidov, Beqali"]
[Result "0-1"]
[WhiteElo "2357"]
[BlackElo "2362"]
[PlyCount "60"]
[EventDate "2011.04.12"]
[EventType "tourn"]
[EventRounds "11"]
[EventCountry "UZB"]
[SourceTitle "CBM 142 Extra"]
[Source "ChessBase"]
[SourceDate "2011.06.27"]
[SourceVersion "1"]
[SourceVersionDate "2011.06.27"]
[SourceQuality "1"]

1. d4 d5 2. c4 c6 3. cxd5 cxd5 4. Nc3 Nf6 5. Nf3 Nc6 6. Bf4 a6 7. e3 Bg4 8. h3 Bxf3 9. Qxf3 e6 10. Bd3 Be7 11. 0-0 0-0 12. Rac1 Rc8 13. a3 Na5 14. Be5 Nc4 15. Bxc4 Rxc4 16. e4 Qc8 17. exd5 Nxd5 18. Nxd5 exd5 19. Rce1 Qd7 20. Bxg7 Kxg7 21. Qg3+ Kh6 22. Re5 Bd8 23. Qf3 Kg7 24. Rxd5 Qc6 25. Qg3+ Kh8 26. Rd6 Qe4 27. Qb3 Bc7 28. Rd7 Rg8 29. g3 Rc2 30. Qxf7 Rxg3+ 0-1

[Event "Agzamov Memorial 05th"]
[Site "Tashkent"]
[Date "2011.03.20"]
[Round "3"]
[White "Saidov, Beqali"]
[Black "Barsov, Alexei"]
[Result "1/2-1/2"]
[WhiteElo "2362"]
[BlackElo "2503"]
[PlyCount "60"]
[EventDate "2011.03.18"]
[EventType "swiss"]
[EventRounds "9"]
[EventCountry "UZB"]
[SourceTitle "CBM 141 Extra"]
[Source "ChessBase"]
[SourceDate "2011.05.03"]
[SourceVersion "1"]
[SourceVersionDate "2011.05.03"]
[SourceQuality "1"]

1. e4 e6 2. d4 d5 3. exd5 exd5 4. Bd3 c5 5. dxc5 Bxc5 6. Nf3 Nf6 7. 0-0 0-0 8. Nbd2 Nc6 9. Nb3 Bb6 10. h3 Ne4 11. c3 Qf6 12. Nbd4 Nxd4 13. Nxd4 Bxd4 14. Bxe4 dxe4 15. Qxd4 Qxd4 16. cxd4 Be6 17. Be3 Rfc8 18. Rfd1 Bd5 19. a3 Rc2 20. Rd2 Rac8 21. Rxc2 Rxc2 22. Rc1 Rxc1+ 23. Bxc1 f6 24. Kf1 Kf7 25. Ke2 Ke6 26. Bf4 Bc4+ 27. Ke3 Bf1 28. g3 Bxh3 29. Kxe4 Bf5+ 30. Ke3 a6 1/2-1/2

[Event "UZB-ch"]
[Site "Tashkent"]
[Date "2010.05.16"]
[Round "4"]
[White "Kholmirzaev, Bakhodir"]
[Black "Saidov, Beqali"]
[Result "0-1"]
[WhiteElo "2339"]
[BlackElo "2359"]
[PlyCount "118"]
[EventDate "2010.05.16"]
[EventType "tourn"]
[EventRounds "13"]
[EventCountry "UZB"]
[SourceTitle "EXT 2015"]
[Source "ChessBase"]
[SourceDate "2014.11.20"]
[SourceVersion "1"]
[SourceVersionDate "2014.11.20"]
[SourceQuality "1"]

1. d4 d5 2. Nc3 e6 3. Nf3 c5 4. e4 Nf6 5. Bg5 cxd4 6. Qxd4 Be7 7. exd5 exd5 8. 0-0-0 Nc6 9. Qa4 0-0 10. Bxf6 Bxf6 11. Nxd5 Be6 12. Nxf6+ Qxf6 13. Bd3 Rac8 14. Kb1 Rfd8 15. h4 Bd5 16. Ng5 h6 17. Bh7+ Kf8 18. Be4 Bxe4 19. Nxe4 Rxd1+ 20. Rxd1 Qxh4 21. g3 Rd8 22. Qa3+ Qe7 23. Rxd8+ Nxd8 24. Qf3 Nc6 25. a3 Qe5 26. Nc3 g6 27. Ka2 h5 28. Qd3 Qe6+ 29. b3 Qf6 30. Ne4 Qd4 31. Qe2 Ne7 32. c3 Qe5 33. f4 Qd5 34. Nf6 Qd6 35. Ne4 Qc6 36. c4 Nf5 37. Qd3 Ke7 38. b4 Qd7 39. Qe2 Qe6 40. Qd3 b6 41. Nc3 Qe1 42. Ne4 Qe3 43. Qd5 Qd4 44. Kb3 Qxd5 45. cxd5 Ne3 46. d6+ Kd7 47. Kc3 Nf5 48. Kd3 Nxd6 49. Ng5 f6 50. Nf3 Nf5 51. g4 hxg4 52. Ne1 b5 53. Ng2 Ke6 54. Ke4 Nd6+ 55. Kd4 g3 56. Kc5 a6 57. Kd4 g5 58. fxg5 fxg5 59. Kc5 Ke5 0-1

[Event "UZB-ch"]
[Site "Tashkent"]
[Date "2010.05.16"]
[Round "2"]
[White "Kvon, Andrey"]
[Black "Saidov, Beqali"]
[Result "1/2-1/2"]
[WhiteElo "2448"]
[BlackElo "2359"]
[PlyCount "109"]
[EventDate "2010.05.16"]
[EventType "tourn"]
[EventRounds "13"]
[EventCountry "UZB"]
[SourceTitle "EXT 2015"]
[Source "ChessBase"]
[SourceDate "2014.11.20"]
[SourceVersion "1"]
[SourceVersionDate "2014.11.20"]
[SourceQuality "1"]

1. d4 d5 2. c4 c6 3. Nf3 Nf6 4. Nc3 a6 5. a4 e6 6. g3 Nbd7 7. Bg2 Bd6 8. 0-0 0-0 9. Qd3 dxc4 10. Qxc4 e5 11. Rd1 exd4 12. Qxd4 Bc5 13. Qh4 Qb6 14. g4 Qb4 15. g5 Ng4 16. e3 Re8 17. a5 Nge5 18. Nd4 Ng6 19. Qg3 Ba7 20. h4 Bb8 21. f4 Nc5 22. Ra3 Ne6 23. Ra4 Qf8 24. Kh1 Ne7 25. e4 f5 26. e5 Nxd4 27. Raxd4 Be6 28. Be3 Bc7 29. b4 Rad8 30. Qf2 Qf7 31. Rxd8 Rxd8 32. Rxd8+ Bxd8 33. Qd2 Bc7 34. Bf3 Nd5 35. Nxd5 Bxd5 36. Bxd5 cxd5 37. Kg2 Qd7 38. Bc5 Kf7 39. Qd1 Kg6 40. Kf2 Qc6 41. Qd3 Qd7 42. Ke3 Kf7 43. Kd4 Ke6 44. Qf3 Bxa5 45. Qh5 g6 46. Qh6 Qb5 47. Qxh7 Qc4+ 48. Ke3 Qe4+ 49. Kf2 Qxf4+ 50. Kg2 Qg4+ 51. Kf2 Qf4+ 52. Kg2 Qe4+ 53. Kf2 Qc2+ 54. Kf3 Qe4+ 55. Kf2 1/2-1/2

[Event "UZB-ch"]
[Site "Tashkent"]
[Date "2010.05.16"]
[Round "6"]
[White "Muminova, Nafisa"]
[Black "Saidov, Beqali"]
[Result "0-1"]
[WhiteElo "2311"]
[BlackElo "2359"]
[PlyCount "120"]
[EventDate "2010.05.16"]
[EventType "tourn"]
[EventRounds "13"]
[EventCountry "UZB"]
[SourceTitle "EXT 2015"]
[Source "ChessBase"]
[SourceDate "2014.11.20"]
[SourceVersion "1"]
[SourceVersionDate "2014.11.20"]
[SourceQuality "1"]

1. e4 e5 2. Nf3 Nc6 3. d4 exd4 4. Nxd4 d6 5. Nc3 Nf6 6. Bb5 Bd7 7. 0-0 Be7 8. Re1 0-0 9. Nf5 Bxf5 10. exf5 Qd7 11. g4 h6 12. Bf4 Rfe8 13. h3 d5 14. Bf1 d4 15. Ne4 Nxe4 16. Rxe4 Bd6 17. Rxe8+ Rxe8 18. Bd2 Qe7 19. Qf3 Qe5 20. Qg2 Qc5 21. Bd3 Nb4 22. Be4 Qe5 23. f3 Nxc2 24. Bxc2 d3 25. Bb3 Qd4+ 26. Qf2 Qxf2+ 27. Kxf2 Re2+ 28. Kf1 Rxd2 29. Rd1 Rxb2 30. Rxd3 Rh2 31. f4 Kf8 32. g5 Rh1+ 33. Ke2 Rg1 34. Kf2 Rc1 35. f6 hxg5 36. fxg7+ Kxg7 37. fxg5 f6 38. gxf6+ Kxf6 39. Kg2 Kg5 40. Rd5+ Kf4 41. Rd3 Bc5 42. Rf3+ Ke4 43. Rf7 Rg1+ 44. Kh2 Rg5 45. Kh1 Bd6 46. Bc2+ Ke3 47. Bf5 Bf4 48. Bc8 b5 49. Bg4 a5 50. Kg2 b4 51. Re7+ Be5 52. Kf1 a4 53. Be6 Bd6 54. Rh7 Bh2 55. Bg4 b3 56. Re7+ Re5 57. Rxc7 bxa2 58. Rc1 Rb5 59. Re1+ Kf4 60. Be6 Bg3 0-1

[Event "UZB-ch"]
[Site "Tashkent"]
[Date "2010.05.16"]
[Round "7"]
[White "Saidov, Beqali"]
[Black "Barsov, Alexei"]
[Result "1-0"]
[WhiteElo "2359"]
[BlackElo "2494"]
[PlyCount "83"]
[EventDate "2010.05.16"]
[EventType "tourn"]
[EventRounds "13"]
[EventCountry "UZB"]
[SourceTitle "EXT 2015"]
[Source "ChessBase"]
[SourceDate "2014.11.20"]
[SourceVersion "1"]
[SourceVersionDate "2014.11.20"]
[SourceQuality "1"]

1. e4 d5 2. exd5 Qxd5 3. Nc3 Qd6 4. d4 Nf6 5. Nf3 g6 6. Bc4 Bg7 7. Ne5 0-0 8. Bf4 Nc6 9. Nb5 Qd8 10. Qd2 Ne4 11. Qe3 Nd6 12. Nxd6 Nxe5 13. dxe5 exd6 14. 0-0-0 Be6 15. Bxe6 fxe6 16. Bg3 d5 17. h4 Qe8 18. Kb1 a5 19. Bf4 Qf7 20. g3 Ra6 21. h5 g5 22. h6 Bh8 23. Rdg1 Rc6 24. Qe2 Qg6 25. Bc1 g4 26. Bf4 Kf7 27. Rc1 Ke7 28. Qb5 Kd7 29. Rhe1 Ra8 30. Qxb7 Raa6 31. Qb8 Qe8 32. Qxe8+ Kxe8 33. c4 Kf7 34. Red1 Ra8 35. cxd5 Rxc1+ 36. Kxc1 exd5 37. Rxd5 Ke6 38. Rc5 Ra7 39. a4 Kd7 40. Bd2 Ra6 41. Bxa5 Rxh6 42. Rxc7+ 1-0

[Event "UZB-ch"]
[Site "Tashkent"]
[Date "2010.05.16"]
[Round "3"]
[White "Saidov, Beqali"]
[Black "Vakhidov, Jahongir"]
[Result "0-1"]
[WhiteElo "2359"]
[BlackElo "2257"]
[PlyCount "42"]
[EventDate "2010.05.16"]
[EventType "tourn"]
[EventRounds "13"]
[EventCountry "UZB"]
[SourceTitle "EXT 2015"]
[Source "ChessBase"]
[SourceDate "2014.11.20"]
[SourceVersion "1"]
[SourceVersionDate "2014.11.20"]
[SourceQuality "1"]

1. e4 c5 2. Nf3 d6 3. d4 cxd4 4. Nxd4 Nf6 5. f3 Nc6 6. c4 Qb6 7. Nc2 g6 8. Nc3 Bg7 9. Rb1 0-0 10. Be3 Qa5 11. Qd2 Be6 12. Be2 Rfc8 13. 0-0 Nd7 14. b4 Qa6 15. Rb3 Nce5 16. Nd4 Nxc4 17. Qe1 Nxe3 18. Nxe6 Bxc3 19. Rxc3 Qb6 20. Rf2 fxe6 21. Rb3 Nc2 0-1

[Event "Agzamov Memorial 04th"]
[Site "Tashkent"]
[Date "2010.03.30"]
[Round "8"]
[White "Saidov, Beqali"]
[Black "Saduakassova, Dinara"]
[Result "1-0"]
[WhiteElo "2361"]
[BlackElo "2094"]
[PlyCount "61"]
[EventDate "2010.03.23"]
[EventType "swiss"]
[EventRounds "9"]
[EventCountry "UZB"]
[SourceTitle "CBM 135 Extra"]
[Source "ChessBase"]
[SourceDate "2010.05.04"]
[SourceVersion "1"]
[SourceVersionDate "2010.05.04"]
[SourceQuality "1"]

1. e4 e5 2. d4 exd4 3. Qxd4 Nc6 4. Qe3 d6 5. Nc3 g6 6. Bd2 Bg7 7. 0-0-0 Be6 8. f4 Nge7 9. Nd5 0-0 10. Bc3 Bxd5 11. Bxg7 Kxg7 12. Qc3+ Kg8 13. exd5 Nb8 14. h4 Nd7 15. h5 Nf5 16. g4 Ng7 17. h6 Ne8 18. g5 f6 19. Re1 Rf7 20. Bh3 f5 21. Nf3 Nf8 22. Nd4 Re7 23. Rxe7 Qxe7 24. Re1 Qf7 25. Qb3 Nd7 26. Qxb7 Rb8 27. Qc6 Nc5 28. b4 Nd7 29. Qc3 Nb6 30. Nc6 Nxd5 31. Qd4 1-0

[Event "Tashkent Hokim Cup"]
[Site "Tashkent"]
[Date "2009.07.22"]
[Round "6"]
[White "Saidov, Beqali"]
[Black "Dzhumaev, Marat"]
[Result "1/2-1/2"]
[WhiteElo "2335"]
[BlackElo "2535"]
[PlyCount "67"]
[EventDate "2009.07.17"]
[EventType "swiss"]
[EventRounds "9"]
[EventCountry "UZB"]
[SourceTitle "CBM 131 Extra"]
[Source "ChessBase"]
[SourceDate "2009.09.03"]
[SourceVersion "2"]
[SourceVersionDate "2009.09.16"]
[SourceQuality "1"]

1. e4 g6 2. d4 Bg7 3. Nc3 d6 4. f4 a6 5. Nf3 b5 6. Bd3 Bb7 7. e5 Nd7 8. Be4 Qc8 9. Qe2 Nb6 10. 0-0 Nh6 11. a4 bxa4 12. Nxa4 0-0 13. Bd2 Nf5 14. Bxb7 Qxb7 15. Nc3 c5 16. dxc5 dxc5 17. Qe4 Qc8 18. Nd5 Nxd5 19. Qxd5 Nd4 20. Qc4 Rb8 21. Nxd4 cxd4 22. Qxd4 Rd8 23. Qc3 Qb7 24. Bc1 Qb6+ 25. Qe3 Qxe3+ 26. Bxe3 Rxb2 27. c3 f6 28. Bd4 fxe5 29. fxe5 Re2 30. Rf2 Re4 31. Ra5 Bh6 32. Rf3 Rb8 33. Rxa6 Bf4 34. Ra2 1/2-1/2

[Event "UZB-ch"]
[Site "Tashkent"]
[Date "2009.06.05"]
[Round "7"]
[White "Khamrakulov, Djurabek"]
[Black "Saidov, Beqali"]
[Result "1-0"]
[WhiteElo "2524"]
[BlackElo "2345"]
[PlyCount "103"]
[EventDate "2009.05.29"]
[EventType "tourn"]
[EventRounds "13"]
[EventCountry "UZB"]
[EventCategory "6"]
[SourceTitle "CBM 130 Extra"]
[Source "ChessBase"]
[SourceDate "2009.07.02"]
[SourceVersion "2"]
[SourceVersionDate "2009.07.15"]
[SourceQuality "1"]

1. e4 e5 2. Nf3 Nc6 3. d4 exd4 4. Nxd4 Nge7 5. Be3 Nxd4 6. Qxd4 Nc6 7. Qd2 Bb4 8. c3 Be7 9. c4 d6 10. Nc3 f5 11. Be2 0-0 12. 0-0 fxe4 13. Nxe4 Bf5 14. Nc3 Qd7 15. Nd5 Rae8 16. Rad1 Ne5 17. Bd4 Bd8 18. Bc3 Bg4 19. f3 Bh5 20. Kh1 c6 21. Nb4 Ng6 22. Bd3 Nf4 23. g4 Nxd3 24. Nxd3 Bg6 25. Ne5 Qe6 26. Nxg6 Qxg6 27. Qxd6 Qf7 28. Qd3 Bc7 29. b3 Qf4 30. Qd2 Qf7 31. Bb4 Rd8 32. Qc2 Rxd1 33. Qxd1 Rd8 34. Qe2 Qf4 35. Be1 Qh6 36. Kg1 Kf7 37. f4 Re8 38. Qf3 Qd6 39. Bf2 Qa3 40. Rd1 Re7 41. Kf1 Kg8 42. Rd2 Rf7 43. Be3 g6 44. Kg2 a5 45. Qe4 Qf8 46. Qe6 Qe7 47. Qxe7 Rxe7 48. Kf3 b6 49. h3 Kf7 50. Bd4 Re1 51. Bf2 Re7 52. Bh4 1-0

[Event "UZB-ch"]
[Site "Tashkent"]
[Date "2009.06.02"]
[Round "5"]
[White "Kholmirzaev, Bakhodir"]
[Black "Saidov, Beqali"]
[Result "1-0"]
[WhiteElo "2265"]
[BlackElo "2345"]
[PlyCount "101"]
[EventDate "2009.05.29"]
[EventType "tourn"]
[EventRounds "13"]
[EventCountry "UZB"]
[EventCategory "6"]
[SourceTitle "CBM 130 Extra"]
[Source "ChessBase"]
[SourceDate "2009.07.02"]
[SourceVersion "2"]
[SourceVersionDate "2009.07.15"]
[SourceQuality "1"]

1. d4 d5 2. Nc3 Bf5 3. Bg5 c5 4. e3 Nc6 5. Bb5 a6 6. Bxc6+ bxc6 7. Nge2 Qb6 8. Na4 Qa5+ 9. c3 cxd4 10. exd4 Nf6 11. Ng3 Bg4 12. f3 Bc8 13. 0-0 e6 14. Re1 Nd7 15. f4 Nb6 16. Nxb6 Qxb6 17. b4 f6 18. Bh4 Kf7 19. a3 Bd6 20. Qf3 g6 21. Ne2 Rf8 22. Nc1 a5 23. Nd3 axb4 24. axb4 Rxa1 25. Rxa1 Ba6 26. Nf2 Ra8 27. Qe3 Qc7 28. Nh3 Bb7 29. Re1 Qd7 30. Nf2 Bc8 31. Ng4 Be7 32. Rf1 Qd8 33. h3 Ra3 34. Qc1 Ra2 35. Qb1 Ra7 36. Qb2 Qb6 37. Qd2 Ra3 38. Re1 Qa7 39. Re2 Ra1+ 40. Kh2 Qa3 41. f5 Bd6+ 42. Ne5+ Kg7 43. fxg6 Qc1 44. Bxf6+ Kxf6 45. Rf2+ Kg7 46. Rf7+ Kg8 47. gxh7+ Kh8 48. Qf2 Qg5 49. Rf8+ Kxh7 50. Qf7+ Qg7 51. Qh5+ 1-0

[Event "UZB-ch"]
[Site "Tashkent"]
[Date "2009.05.31"]
[Round "3"]
[White "Egin, Vladimir"]
[Black "Saidov, Beqali"]
[Result "1-0"]
[WhiteElo "2439"]
[BlackElo "2345"]
[PlyCount "31"]
[EventDate "2009.05.29"]
[EventType "tourn"]
[EventRounds "13"]
[EventCountry "UZB"]
[EventCategory "6"]
[SourceTitle "CBM 130 Extra"]
[Source "ChessBase"]
[SourceDate "2009.07.02"]
[SourceVersion "2"]
[SourceVersionDate "2009.07.15"]
[SourceQuality "1"]

1. e4 e5 2. Nf3 Nc6 3. Bc4 Bc5 4. c3 Qf6 5. d4 Bb6 6. 0-0 h6 7. a4 a6 8. dxe5 Nxe5 9. Nxe5 Qxe5 10. Qb3 Nf6 11. Bxf7+ Ke7 12. Nd2 Ng4 13. Nf3 Qxe4 14. Bd2 Kd8 15. a5 Ba7 16. Ra4 1-0

[Event "UZB-ch 1st League"]
[Site "Tashkent"]
[Date "2009.04.23"]
[Round "13"]
[White "Kholmirzaev, Bakhodir"]
[Black "Saidov, Beqali"]
[Result "0-1"]
[WhiteElo "2265"]
[BlackElo "2345"]
[PlyCount "114"]
[EventDate "2009.04.11"]
[EventType "tourn"]
[EventRounds "13"]
[EventCountry "UZB"]
[SourceTitle "CBM 130 Extra"]
[Source "ChessBase"]
[SourceDate "2009.07.02"]
[SourceVersion "2"]
[SourceVersionDate "2009.07.15"]
[SourceQuality "1"]

1. d4 d5 2. Nc3 c5 3. e4 dxe4 4. d5 Nf6 5. Bg5 Bf5 6. Nge2 Nbd7 7. Ng3 Bg6 8. Bxf6 gxf6 9. h4 h5 10. Ngxe4 Qa5 11. Qe2 0-0-0 12. 0-0-0 Bh6+ 13. Kb1 Nb6 14. Qb5 Qxb5 15. Bxb5 c4 16. d6 e6 17. b3 f5 18. d7+ Kc7 19. Nf6 cxb3 20. axb3 a6 21. Ne8+ Kb8 22. Ba4 Bf8 23. f4 Na8 24. Rd4 Bc5 25. Rd3 Nc7 26. b4 Bxb4 27. Nxc7 Kxc7 28. Rhd1 b5 29. Bb3 Rb8 30. Ne2 Rhd8 31. Nd4 Rb6 32. c4 bxc4 33. Rc1 Rxd7 34. Rxc4+ Kb7 35. Ka2 Rc7 36. Nf3 Rxc4 37. Bxc4 Bd6 38. g3 Kc7 39. Bb3 Rb5 40. Re3 a5 41. Nd4 Rb4 42. Rc3+ Kd7 43. Bc4 Bf8 44. Nc2 Rb6 45. Bb3 Bd6 46. Rd3 Ke7 47. Ne3 Rb4 48. Nc4 Bc7 49. Ka3 f6 50. Re3 Bf7 51. Nd2 Bd6 52. Ka2 a4 53. Bc4 Bc5 54. Re2 Bd4 55. Ka3 Bc3 56. Ba2 Rb2 57. Re3 Bxd2 0-1